ARRUPE JESUIT UNIVERSITY

CORONAVIRUS -STOP THE SPREAD - CLEAN,DISINFECT,COVER

The village in the jungle : (Record no. 123567)

MARC details
000 -LEADER
fixed length control field 01244cam a2200325 a 4500
001 - CONTROL NUMBER
control field 14488269
003 - CONTROL NUMBER IDENTIFIER
control field ARRUPE
005 - DATE AND TIME OF LATEST TRANSACTION
control field 20151021084927.0
008 - FIXED-LENGTH DATA ELEMENTS--GENERAL INFORMATION
fixed length control field 060306r20051913enk 000 1 eng d
010 ## - LIBRARY OF CONGRESS CONTROL NUMBER
LC control number 2006389768
020 ## - INTERNATIONAL STANDARD BOOK NUMBER
International Standard Book Number 9780907871293
020 ## - INTERNATIONAL STANDARD BOOK NUMBER
International Standard Book Number 0907871291
035 ## - SYSTEM CONTROL NUMBER
System control number (OCoLC)ocm64547908
040 ## - CATALOGING SOURCE
Original cataloging agency ZNS
Transcribing agency ZNS
Modifying agency BAKER
-- KSU
-- DLC
043 ## - GEOGRAPHIC AREA CODE
Geographic area code a-ce---
050 00 - LIBRARY OF CONGRESS CALL NUMBER
Classification number PR6045.O68
Item number V54 2005
300 ## - PHYSICAL DESCRIPTION
Dimensions 22 cm.
100 1# - MAIN ENTRY--PERSONAL NAME
Personal name Woolf, Leonard,
Dates associated with a name 1880-1969.
9 (RLIN) 20398
245 14 - TITLE STATEMENT
Title The village in the jungle :
Remainder of title a novel /
Statement of responsibility, etc Leonard Woolf ; with an afterword by Christopher Ondaatje.
260 ## - PUBLICATION, DISTRIBUTION, ETC. (IMPRINT)
Place of publication, distribution, etc London :
Name of publisher, distributor, etc Eland ;
Place of publication, distribution, etc Chester Springs, PA :
Name of publisher, distributor, etc U.S. distributor, Dufour Editions,
Date of publication, distribution, etc 1926
300 ## - PHYSICAL DESCRIPTION
Extent 209 p. ;
500 ## - GENERAL NOTE
General note "First published by Edward Arnold Limited 1913"--T.p. verso.
500 ## - GENERAL NOTE
General note Includes author's short story: Pearls and Swine.
500 ## - GENERAL NOTE
General note Publisher's advertisements at end.
505 00 - FORMATTED CONTENTS NOTE
Title A village in the jungle --
-- Pearls and Swine --
-- Afterword.
700 1# - ADDED ENTRY--PERSONAL NAME
Personal name Murphey, Rhoads
Relator term tr.
9 (RLIN) 20399
700 12 - ADDED ENTRY--PERSONAL NAME
Personal name Woolf, Leonard,
Dates associated with a name 1880-1969.
Title of a work Pearls and Swine
9 (RLIN) 20400
906 ## - LOCAL DATA ELEMENT F, LDF (RLIN)
a 7
b cbc
c copycat
d 3
e ncip
f 20
g y-gencatlg
942 ## - ADDED ENTRY ELEMENTS (KOHA)
Source of classification or shelving scheme Library of Congress Classification
Koha item type Monograph ( Printed materials)
Holdings
Withdrawn status Lost status Source of classification or shelving scheme Damaged status Not for loan Collection code Home library Current library Shelving location Date acquired Total Checkouts Full call number Barcode Date last seen Price effective from Koha item type
    Library of Congress Classification     Main Collection ARRUPE LIBRARY ARRUPE LIBRARY Main Collection 21/10/2015   PR6045.O68V54 2005 46500005513 21/10/2015 21/10/2015 Monograph ( Printed materials)

 

Arrupe Library. PO Box MP320 Mt Pleasant, Harare, Zimbabwe
263 242 745411|librarian@aju.ac.zw